| 000 | 00361nam a2200145Ia 4500 | ||
|---|---|---|---|
| 008 | 230613s9999||||xx |||||||||||||| ||und|| | ||
| 020 | _a9788190399531 | ||
| 082 |
_a204.4 _bT3741 |
||
| 100 | _aThe Times of India | ||
| 245 | 4 | _aThe best of Speaking tree | |
| 260 |
_aNew Delhi _bTimes Group Books _c2010 |
||
| 300 | _a158 p. | ||
| 440 | _vVol. 2 | ||
| 942 | _cBK | ||
| 999 |
_c26673 _d26673 |
||